|
|
|
|
| LEADER |
00937nam a22002177i 4500 |
| 005 |
20210117210231.0 |
| 008 |
161102s2005 gr ||||f |||| 00| ddgre d |
| 020 |
|
|
|a 960042716X
|
| 040 |
|
|
|a GR-PaULI
|b gre
|c GR-PaULI
|e AACR2
|
| 041 |
1 |
|
|a gre
|h fre
|
| 082 |
0 |
4 |
|a 842.914
|2 23
|
| 100 |
1 |
|
|9 112964
|a Melquiot, Fabrice
|d 1972-
|e συγγραφέας
|
| 245 |
1 |
3 |
|a Το αναπάντεχο /
|c Φαμπρίς Μέλκιο ; μετάφραση Πέτρος Σεβαστίκογλου.
|
| 260 |
|
|
|a Αθήνα :
|b Κέδρος,
|c 2005.
|
| 300 |
|
|
|a 50 σ. ;
|b 24 εκ.
|
| 650 |
|
4 |
|9 80208
|a Γαλλικό δράμα
|
| 700 |
1 |
4 |
|9 80013
|a Σεβαστίκογλου, Γιώργος
|e μεταφραστής
|
| 942 |
|
|
|2 ddc
|c BK15
|
| 952 |
|
|
|0 0
|1 0
|2 ddc
|4 0
|6 842_914000000000000_MEL
|7 0
|9 206976
|a THST
|b THST
|d 2016-11-02
|i 002892
|l 0
|o 842.914 MEL
|p 025000138405
|r 2016-11-02 00:00:00
|t 1
|v 2016.00
|w 2016-11-02
|y BK15
|
| 998 |
|
|
|c ΜΑΝΙΑ
|d 2016-11
|
| 999 |
|
|
|c 125854
|d 125854
|